000 00882nam a22002417a 4500
005 20250526152251.0
008 250526b |||||||| |||| 00| 0 eng d
020 _a9780691238746 (pbk)
037 _cTB
040 _aCRL
_cCRL
041 _2eng
_aeng
084 _aU425 R2
_qCRL
100 _aRosenberg, Andrew S.
_9810727
245 _aUndesirable immigrants:
_bWhy racism persists in interational miration
260 _aPrinceton, USA:
_bPrinceton University Press,
_c2022.
300 _axxiii, 359p.
365 _b35.00
_cUSD
490 _aPrinceton studies in international history and politics. Editor Tanisha M. Fazal
650 _aGeography
_9810728
650 _aImmigration
_9810729
942 _2CC
_cTB
_hU425 R2
_n0
999 _c1431039
_d1431039